Statistiques concernant Les films Pixar (FR)

Cliquez ici pour prendre le quiz!

Statistiques générales

  • Ce quiz a été pris 816 fois
  • Le résultat moyen est 15 sur 21

Statistiques - réponses

Année de sortieFilm% Correct
1995Toy Story
94%
1999Toy Story 2
88%
2010Toy Story 3
88%
2006Cars
84%
2019Toy Story 4
79%
2011Cars 2
78%
2017Cars 3
76%
2003Le Monde de Nemo
76%
2009Là-Haut
75%
2016Le Monde de Dory
72%
2001Monstres & Cie
70%
2004Les Indestructibles
69%
2015Vice-Versa
69%
2008WALL-E
68%
2007Ratatouille
67%
2017Coco
66%
2018Les Indestructibles 2
64%
2012Rebelle
64%
19981001 Pattes
62%
2013Monstres Academy
60%
2015Le Voyage d'Arlo
48%

Distribution des résultats

Percentile par nombre de réponses

% des personnes avec chaque résultat

Votre développement - résultats

Vous n’avez pas pris ce quiz